| 000 | 00381nam a2200157Ia 4500 | ||
|---|---|---|---|
| 100 | _aHuckin/Thomas N/ Olsen/Leslie | ||
| 650 | _aCommunication skills | ||
| 942 | _cBK | ||
| 654 | _acommunication | ||
| 245 | _aTechnical writing and professional communication | ||
| 260 |
_bMcGraw - Hill _c1991 |
||
| 082 |
_a808.0666 _bHUC |
||
| 300 | _a746 | ||
| 546 | _aENGLISH | ||
| 999 |
_c26202 _d26202 |
||